Lewis Capaldi Songs - Statistics

General Stats
  • This quiz has been taken 394 times
  • The average score is 8 of 12
Answer Stats
Hint Answer % Correct
4. Someone You Loved
96%
2. Bruises
89%
1. Grace
78%
3. Hold Me While You Wait
76%
7. One
73%
9. Hollywood
69%
6. Forever
68%
5. Maybe
61%
11. Fade
58%
12. Headspace
57%
10. Lost On You
53%
8. Don't Get Me Wrong
51%
No matching quizzes found
Score Distribution
Percent of People with Each Score
Percentile by Number Answered
Your Score History
You have not taken this quiz